| 000 | 00889cam a2200181 4500 | ||
|---|---|---|---|
| 001 | L130663 | ||
| 008 | 050823n 000 0 eng u | ||
| 035 | _a(Sirsi) u130663 | ||
| 041 | _aeng | ||
| 110 |
_aHome Office _91239 |
||
| 245 |
_aTogether _btakling anti-social behaviour |
||
| 520 | _aA joint Home Office and ODPM website. Aimed at members of the public as well as practitioners in the area of anti-social behaviour. A comprehensive practitioner section as well as a search facility to find your local area coordinator. Contains an extensive library of documentation, including details of anti-social behaviour orders, and high hedges. | ||
| 590 | _aIKA300805 | ||
| 690 |
_aBlock management _96220 |
||
| 710 |
_aUnited Kingdom _bOffice of the Deputy Prime Minister |
||
| 856 | 4 | 0 |
_uhttps://www.together.gov.uk _zView the website free of charge at www.together.gov.uk... |
| 942 | _n0 | ||
| 999 |
_c120464 _d120464 |
||